|
|
|
|
| LEADER |
00000nam#a22000001a#4500 |
| 001 |
00001204 |
| 003 |
AR-BaUAD |
| 005 |
20230908140103.0 |
| 008 |
931021s1940####xxu||||##||||||||#||eng|d |
| 040 |
|
|
|a AR-BaUAD
|b spa
|c AR-BaUAD
|
| 041 |
|
|
|a eng
|
| 044 |
|
|
|c us
|2 ISO3166-1
|
| 245 |
0 |
0 |
|a CITY problems of the West :
|b the proceedings of the Western regional conference of the United States conference of Mayors, Portland, Oregon, April 8-9, 1940 /
|c ed. by Paul V. Betters..
|
| 260 |
|
|
|a Washington :
|b United States conferences of Mayors,
|c 1940
|
| 300 |
|
|
|a iii, 88 p.
|
| 653 |
|
|
|a URBANISMO
|
| 655 |
|
|
|a TEXTO
|
| 852 |
|
|
|c 44-4
|
| 952 |
|
|
|0 0
|1 0
|4 0
|6 444
|7 0
|9 6168
|a AR-BaUAD
|b AR-BaUAD
|d 0000-00-00
|e transfer. FCEFN
|i 1204
|l 0
|o 44-4
|p xb9df1204
|r 2023-09-08 14:01:03
|w 2023-09-08
|y BK
|
| 990 |
|
|
|a Ej. No1 : 1204 . 31/12/1947 -- transfer. FCEFN --
|b ADM
|
| 990 |
|
|
|a U194
|b TD
|
| 990 |
|
|
|a AAQ00001204
|b CC
|
| 998 |
|
|
|a AAQ
|b Bibun 76
|
| 942 |
|
|
|c BK
|
| 999 |
|
|
|c 2857
|d 2857
|